[Event "Tournoi Francophone 008 Groupe E"]
[Site "Skype"]
[Date "????.??.??"]
[Round "6.5"]
[White "Canova, Felix"]
[Black "Gagnon, Sindy"]
[Result "0-1"]
[WhiteElo "1000"]
[BlackElo "1000"]
[PlyCount "50"]

1. e4 Nc6 2. Bb5 Ne5 3. d3 e6 4. Nf3 c6 5. Ba4 Ng6 6. O-O Bd6 7. e5 Bc5 8. d4
Bb6 9. c3 c5 10. Na3 cxd4 11. Nxd4 Bc7 12. Ndb5 Bxe5 13. Nd4 a6 14. b4 b5 15.
Naxb5 axb5 16. Bxb5 Qc7 17. Qc2 Bxh2+ 18. Kh1 Nh6 19. Nf3 Bd6 20. Kg1 O-O 21.
a4 Ng4 22. a5 Be7 23. Ba3 e5 24. Ne1 e4 25. Qxe4 Qh2# 0-1

[Event "Tournoi Francophone 008 Groupe E"]
[Site "Skype"]
[Date "????.??.??"]
[Round "6.6"]
[White "Schnell, Nicolas"]
[Black "Gerard, Philippe"]
[Result "1-0"]
[WhiteElo "1000"]
[BlackElo "1000"]
[PlyCount "57"]

1. e4 d6 2. c4 Na6 3. Nf3 g6 4. Nd4 Bg7 5. c5 Nxc5 6. Bb5+ Bd7 7. Qg4 Nh6 8.
Qh3 Bxb5 9. Nxb5 Nxe4 10. O-O Ng5 11. Qe3 Ng4 12. Qxg5 Ne5 13. d4 Nd7 14. Bf4
Bxd4 15. Nxd4 h6 16. Qb5 a6 17. Qd5 Nf6 18. Qxb7 Nh5 19. Bd2 O-O 20. Qb3 Rb8
21. Qc3 c5 22. Nc6 Qc8 23. Nxe7+ Kh7 24. Nxc8 Rbxc8 25. Qe3 Kg8 26. Qxh6 f6 27.
Qxg6+ Kh8 28. Qxh5+ Kg7 29. Bh6+ 1-0

[Event "Tournoi Francophone 008 Groupe E"]
[Site "Skype"]
[Date "????.??.??"]
[Round "7.1"]
[White "Bacha, Mehdi"]
[Black "Mimouni, Driss"]
[Result "1-0"]
[WhiteElo "1123"]
[BlackElo "1011"]
[PlyCount "27"]

1. b3 d5 2. Bb2 Nf6 3. e3 Nc6 4. a3 Be6 5. d3 Ng4 6. c4 Nce5 7. Nf3 Bf5 8. Nxe5
Qd6 9. Nxg4 Qg6 10. Ne5 Qa6 11. Qf3 Qa5+ 12. Nd2 g5 13. Qxf5 f6 14. Qd7# 1-0

[Event "Tournoi Francophone 008 Groupe E"]
[Site "Skype"]
[Date "????.??.??"]
[Round "7.2"]
[White "Scata, Laura"]
[Black "Lecluyse, Koenraad"]
[Result "1-0"]
[WhiteElo "1127"]
[BlackElo "1180"]
[PlyCount "91"]

1. e4 e5 2. Nf3 Nc6 3. Bc4 Bc5 4. c3 h6 5. d4 exd4 6. cxd4 Bb4+ 7. Bd2 Bxd2+ 8.
Nbxd2 d6 9. Bb3 Bg4 10. h3 Bh5 11. O-O Nxd4 12. Bc4 Qe7 13. Re1 O-O-O 14. Qa4
Nxf3+ 15. Nxf3 Bxf3 16. gxf3 Kb8 17. Qb3 Qg5+ 18. Kh1 Nf6 19. Bxf7 Rhf8 20. Rg1
Qh4 21. Kg2 Nh5 22. Bxh5 Qxh5 23. Qc3 g5 24. Rac1 Rc8 25. b4 a6 26. a4 Rf4 27.
b5 axb5 28. axb5 Rh4 29. Rh1 g4 30. fxg4 Qxb5 31. Kg3 Qg5 32. f4 Qe7 33. e5
dxe5 34. Qxe5 Qd8 35. Rc3 b6 36. Re1 h5 37. g5 Rxh3+ 38. Kxh3 Qd7+ 39. f5 Qd2
40. Qe3 Qd5 41. Qe5 Qd2 42. Kh4 Rg8 43. Qxc7+ Ka8 44. Qc6+ Ka7 45. Re7+ Ka6 46.
Ra3+ 1-0

[Event "Tournoi Francophone 008 Groupe E"]
[Site "Skype"]
[Date "????.??.??"]
[Round "7.3"]
[White "Le Bouill, Pierre"]
[Black "Morin, Claude"]
[Result "1-0"]
[WhiteElo "1160"]
[BlackElo "1000"]
[PlyCount "57"]

1. e4 e5 2. Nf3 Nc6 3. Bc4 Nf6 4. Ng5 d5 5. exd5 Nxd5 6. d4 Be7 7. dxe5 Bxg5 8.
Bxg5 Qxg5 9. Qxd5 Qxe5+ 10. Qxe5+ Nxe5 11. Nd2 O-O 12. O-O Rd8 13. Rad1 Bg4 14.
f3 Bh5 15. Bb3 Rd7 16. Ba4 c6 17. Rfe1 Re8 18. Rf1 b5 19. Bb3 a5 20. a4 b4 21.
h3 h6 22. g4 Bg6 23. f4 Bxc2 24. Bxc2 Rxd2 25. Rxd2 Ng6 26. Rfd1 Nxf4 27. Rd8
Nxh3+ 28. Kh2 Nf2 29. Rxe8# 1-0

[Event "Tournoi Francophone 008 Groupe E"]
[Site "Skype"]
[Date "????.??.??"]
[Round "7.4"]
[White "Schnell, Nicolas"]
[Black "Massez, Konrad"]
[Result "0-1"]
[WhiteElo "1000"]
[BlackElo "1000"]
[PlyCount "44"]

1. e4 e5 2. Nc3 Bb4 3. Bc4 Bxc3 4. dxc3 d6 5. Qh5 Qf6 6. Bb5+ Bd7 7. Bc4 Nc6 8.
Bg5 Qg6 9. Qf3 Be6 10. Be2 Qxg5 11. Nh3 Qg6 12. c4 O-O-O 13. Rd1 Rf8 14. Rd3 f5
15. Qe3 Qxg2 16. Rf1 fxe4 17. Ra3 Kb8 18. c5 d5 19. Qb3 Bxh3 20. Ba6 Qxf1+ 21.
Kd2 Qxf2+ 22. Kc3 Qd4# 0-1

[Event "Tournoi Francophone 008 Groupe E"]
[Site "Skype"]
[Date "????.??.??"]
[Round "7.5"]
[White "Gerard, Josiane"]
[Black "Gagnon, Sindy"]
[Result "0-1"]
[WhiteElo "1000"]
[BlackElo "1000"]
[PlyCount "40"]

1. e4 Nc6 2. c4 Nf6 3. g3 Nxe4 4. f3 e5 5. g4 Be7 6. h4 Ng3 7. Bg2 Nxh1 8. Bxh1
Bxh4+ 9. Kf1 Bg3 10. Kg2 Qh4 11. Nh3 d5 12. cxd5 Nb4 13. a3 Nd3 14. b3 Nf2 15.
Bb2 Nxd1 16. Ng1 Nxb2 17. Ra2 Nd3 18. Nh3 Ne1+ 19. Kg1 Qxh3 20. Bg2 Qxg2# 0-1

[Event "Tournoi Francophone 008 Groupe E"]
[Site "Skype"]
[Date "????.??.??"]
[Round "7.6"]
[White "Gerard, Philippe"]
[Black "Canova, Felix"]
[Result "0-1"]
[WhiteElo "1000"]
[BlackElo "1000"]
[PlyCount "66"]

1. e4 e5 2. c4 Nc6 3. Nc3 Bb4 4. Be2 Nf6 5. Nf3 O-O 6. a3 Ba5 7. Nxe5 Nxe5 8.
d4 Nxc4 9. Bg5 h6 10. h4 hxg5 11. hxg5 Nh5 12. Bxh5 Nxb2 13. O-O Nxd1 14. Raxd1
Qxg5 15. Ne2 Qxh5 16. Ng3 Qg4 17. Rc1 b6 18. f3 Qg5 19. d5 b5 20. Ne2 Bb6+ 21.
Rf2 Qh4 22. Rcf1 a5 23. Nc3 c6 24. f4 b4 25. f5 Ba6 26. Nd1 bxa3 27. Re1 a2 28.
Ne3 a4 29. Rxa2 Qxe1+ 30. Kh2 Bxe3 31. e5 Bf4+ 32. g3 Bxg3+ 33. Kh3 Bf1+ 0-1

Qh5+ g6 34. Qg4 Rd2 35. Ra1 b6 36. h3 Re2 1-0

[Event "Tournoi Francophone 008 Groupe E"]
[Site "Skype"]
[Date "????.??.??"]
[Round "8.1"]
[White "Gerard, Josiane"]
[Black "Bacha, Mehdi"]
[Result "0-1"]
[WhiteElo "1000"]
[BlackElo "1123"]
[PlyCount "58"]

1. d4 Nf6 2. b4 g6 3. e3 Bg7 4. h4 O-O 5. Nf3 d5 6. Ne5 Be6 7. Bb2 c6 8. a4 Qb6
9. b5 cxb5 10. axb5 a6 11. Ra3 Nbd7 12. Nxd7 Nxd7 13. bxa6 Qb4+ 14. Rc3 Qxb2
15. Rc7 Ra7 16. Nd2 Bf5 17. Nf3 Bxc2 18. Qd2 Qb1+ 19. Qd1 Bxd1 20. Kd2 Ba4 21.
Rxd7 Bxd7 22. g4 Bxg4 23. Ng1 Qd1+ 24. Kc3 Qxf1 25. Kb3 bxa6 26. f4 Qc4+ 27.
Kb2 Rb8+ 28. Ka3 Qc7 29. Ne2 Qa5# 0-1

[Event "Tournoi Francophone 008 Groupe E"]
[Site "Skype"]
[Date "????.??.??"]
[Round "8.2"]
[White "Scata, Laura"]
[Black "Canova, Felix"]
[Result "1-0"]
[WhiteElo "1127"]
[BlackElo "1000"]
[PlyCount "83"]

1. e4 e5 2. Nf3 Nc6 3. Bc4 d6 4. h3 Nf6 5. d3 Bd7 6. c3 Be6 7. Bxe6 fxe6 8. Qb3
d5 9. Qxb7 Rb8 10. Qxc6+ Nd7 11. Qxe6+ Be7 12. Bg5 h6 13. Qg6+ Kf8 14. Bxe7+
Qxe7 15. b3 a5 16. Nbd2 Qf6 17. Qxf6+ gxf6 18. exd5 c5 19. dxc6 Rd8 20. cxd7 f5
21. Nxe5 Rg8 22. O-O h5 23. f4 Ke7 24. Ndc4 Kf6 25. Nxa5 Rge8 26. dxe8=Q Rxe8
27. d4 Rd8 28. a4 Rd5 29. b4 Rd6 30. Nb7 Rd7 31. Nxd7+ Ke6 32. Nbc5+ Kd6 33. b5
Kd5 34. a5 Kc4 35. b6 Kxc3 36. Ne6 Kb4 37. b7 Kc4 38. b8=Q Kd5 39. Qb7+ Kxe6
40. d5+ Kd6 41. Rfe1 h4 42. Qc6# 1-0

[Event "Tournoi Francophone 008 Groupe E"]
[Site "Skype"]
[Date "????.??.??"]
[Round "8.3"]
[White "Le Bouill, Pierre"]
[Black "Schnell, Nicolas"]
[Result "1-0"]
[WhiteElo "1160"]
[BlackElo "1000"]
[PlyCount "67"]

1. e4 e5 2. Bc4 Nc6 3. Nf3 Nf6 4. d3 Bc5 5. Ng5 d6 6. Nxf7 Qd7 7. Nxh8 Ng4 8.
O-O Qe7 9. Qf3 Nd8 10. h3 Nf6 11. Bg5 d5 12. Bxd5 Bd4 13. Bxf6 gxf6 14. c3 Bb6
15. Nd2 Qg7 16. Qh5+ Ke7 17. Nc4 Bc5 18. b4 Bxh3 19. Qxh3 Qxh8 20. bxc5 c6 21.
Bxc6 Nxc6 22. Rab1 b5 23. cxb6 Rg8 24. bxa7 Nxa7 25. Rb7+ Kf8 26. Rxa7 Rg6 27.
Ra8+ Kf7 28. Rxh8 Rg8 29. Rxg8 Kxg8 30. Qg4+ Kf7 31. Rb1 h6 32. Rb7+ Kf8 33.
Qg7+ Ke8 34. Qe7# 1-0

[Event "Tournoi Francophone 008 Groupe E"]
[Site "Skype"]
[Date "????.??.??"]
[Round "8.4"]
[White "Lecluyse, Koenraad"]
[Black "Massez, Konrad"]
[Result "1-0"]
[WhiteElo "1180"]
[BlackElo "1000"]
[PlyCount "105"]

1. d4 d5 2. Nf3 Nc6 3. Bf4 a6 4. e3 e6 5. Bd3 Bd7 6. O-O Qf6 7. Bg5 Qxg5 8.
Nxg5 Be7 9. Nf3 O-O-O 10. c3 Bd6 11. b4 Nxb4 12. cxb4 Bxb4 13. Nbd2 Ne7 14. Qb3
Nc6 15. Ne5 Nxe5 16. dxe5 Bxd2 17. Rab1 Bc6 18. Rfd1 Ba4 19. Qxa4 Bc3 20. Rdc1
Bxe5 21. Qb4 b6 22. Bxa6+ Kd7 23. Qb5+ Ke7 24. f4 Bd6 25. Rf1 Ra8 26. Qe2 Rhb8
27. f5 exf5 28. Rxf5 c6 29. Bd3 Ra3 30. Qc2 Bc5 31. Kf2 Rba8 32. Rb3 Rxa2 33.
Rb2 Ra1 34. Qe2 Rh1 35. h3 Raa1 36. Qf3 f6 37. Qh5 Rhe1 38. Re2 Red1 39. Bc2
Rdc1 40. Bd3 g6 41. Qxh7+ Ke6 42. Qxg6 Rd1 43. Qxf6+ Kd7 44. Bc2 d4 45. exd4
Bxd4+ 46. Kg3 Bxf6 47. Rxf6 Ra3+ 48. Kh2 Ra2 49. Bf5+ Kc7 50. Rxa2 c5 51. Ra7+
Kb8 52. Rff7 Rd8 53. Rfb7# 1-0

[Event "Tournoi Francophone 008 Groupe E"]
[Site "Skype"]
[Date "????.??.??"]
[Round "8.5"]
[White "Gagnon, Sindy"]
[Black "Mimouni, Driss"]
[Result "0-1"]
[WhiteElo "1000"]
[BlackElo "1011"]
[PlyCount "54"]

1. e4 d5 2. Bd3 Nf6 3. Nf3 Bg4 4. h3 dxe4 5. Bxe4 Nxe4 6. d3 Bxf3 7. Qxf3 Nf6
8. Qxb7 Nbd7 9. Qb3 e5 10. Na3 Nc5 11. Qb4 Nxd3+ 12. cxd3 Bxb4+ 13. Bd2 Rb8 14.
Ke2 Bxd2 15. Kxd2 Rxb2+ 16. Kc3 Rxf2 17. Nc4 Rxg2 18. Nxe5 Nd5+ 19. Kc4 Ne3+
20. Kc3 Nd5+ 21. Kc4 Nb6+ 22. Kc3 Rg3 23. Nc6 Qxd3+ 24. Kb4 Qc3+ 25. Kb5 Qc4+
26. Ka5 Rg5+ 27. Ne5 Rxe5# 0-1

[Event "Tournoi Francophone 008 Groupe E"]
[Site "Skype"]
[Date "????.??.??"]
[Round "8.6"]
[White "Morin, Claude"]
[Black "Gerard, Philippe"]
[Result "1-0"]
[WhiteElo "1000"]
[BlackElo "1000"]
[PlyCount "115"]

1. e4 e5 2. Nf3 f6 3. Bc4 Ne7 4. d3 Nec6 5. c3 b6 6. O-O g6 7. d4 exd4 8. cxd4
Ba6 9. Be2 Ne7 10. Nc3 f5 11. e5 Bg7 12. Re1 d6 13. Bg5 Bf8 14. Qc2 h6 15. Bf6
Rg8 16. Qb3 Rg7 17. Bxg7 Bxg7 18. Qa4+ Nec6 19. Bxa6 Nxa6 20. Qxa6 Nb8 21. Qb5+
c6 22. Qc4 dxe5 23. Qg8+ Ke7 24. Qxg7+ Kd6 25. Qxg6+ Kc7 26. Rxe5 Nd7 27. Re8
Qxe8 28. Qxe8 Rxe8 29. h4 a5 30. Kh2 b5 31. a3 b4 32. axb4 axb4 33. Ra7+ Kb8
34. Rxd7 Kc8 35. Rd6 bxc3 36. bxc3 Kc7 37. Rxh6 Ra8 38. Rh7+ Kb6 39. h5 Ra3 40.
h6 Rxc3 41. Rf7 c5 42. dxc5+ Rxc5 43. h7 Rc8 44. Rf6+ Kc7 45. Ng5 Rd8 46. Nf7
Rd2 47. h8=Q Kb7 48. Nh6 f4 49. Rxf4 Rd6 50. Ng4 Kc6 51. Rf6 Kd7 52. Rxd6+ Kxd6
53. f3 Ke6 54. Qh6+ Kd5 55. Qf6 Kc4 56. f4 Kd3 57. Qf5+ Kd4 58. Qd7+ 1-0

[Event "Tournoi Francophone 008 Groupe E"]
[Site "Skype"]
[Date "????.??.??"]
[Round "9.1"]
[White "Gerard, Philippe"]
[Black "Bacha, Mehdi"]
[Result "0-1"]
[WhiteElo "1000"]
[BlackElo "1123"]
[PlyCount "84"]

1. e4 e5 2. g3 Nf6 3. Nc3 d6 4. b3 Bg4 5. Ba3 Bxd1 6. Kxd1 Ng4 7. Be2 Nxf2+ 8.
Ke1 Nxh1 9. Bf3 Nxg3 10. Nd5 c6 11. Nb4 Qa5 12. c3 Qxa3 13. Nd3 Be7 14. hxg3
O-O 15. Nh3 Qa6 16. Nb4 Qb6 17. Nd3 Qc7 18. b4 Qd7 19. Bg2 Qg4 20. Ndf2 Qxg3
21. Bh1 Bh4 22. c4 Qa3 23. b5 Qb2 24. Rd1 Rc8 25. a3 cxb5 26. cxb5 Nd7 27. Ng1
Nc5 28. Nf3 Nd3+ 29. Kf1 Bg3 30. Nxd3 Qc2 31. Nb4 Qxd1+ 32. Kg2 Be1 33. Nxe1
Qxe1 34. Nc2 Qxd2+ 35. Kh3 Qxc2 36. Bf3 Rc3 37. Kg4 Qd2 38. Bh1 Qd1+ 39. Kh4
Qxh1+ 40. Kg4 Re3 41. a4 Rxe4+ 42. Kg5 Rf4 0-1

[Event "Tournoi Francophone 008 Groupe E"]
[Site "Skype"]
[Date "????.??.??"]
[Round "9.2"]
[White "Morin, Claude"]
[Black "Scata, Laura"]
[Result "0-1"]
[WhiteElo "1000"]
[BlackElo "1127"]
[PlyCount "61"]

1. e4 c6 2. Bc4 d5 3. Bd3 dxe4 4. Bxe4 Nf6 5. Nc3 Nxe4 6. Nxe4 Bf5 7. Ng3 Bg6
8. d3 Nd7 9. N1e2 e5 10. O-O Bc5 11. Nc3 O-O 12. Na4 Bb4 13. a3 Bd6 14. Be3 Qa5
15. b3 b5 16. Qd2 Qxd2 17. Bxd2 bxa4 18. bxa4 Rab8 19. h3 Rb2 20. Rfb1 Rfb8 21.
Rxb2 Rxb2 22. Rc1 Bxa3 23. Bc3 Ra2 24. Rb1 Rxc2 25. Rb7 Rxc3 26. Rxd7 Bf8 27.
Rxa7 Bxd3 28. a5 Ra3 29. Nf5 Bxf5 30. Rc7 c5 31. Rc8 0-1

[Event "Tournoi Francophone 008 Groupe E"]
[Site "Skype"]
[Date "????.??.??"]
[Round "9.3"]
[White "Canova, Felix"]
[Black "Le Bouill, Pierre"]
[Result "0-1"]
[WhiteElo "1000"]
[BlackElo "1160"]
[PlyCount "106"]

1. e4 e5 2. Nc3 Nf6 3. Nf3 Nc6 4. Bb5 a6 5. Ba4 b5 6. Bb3 Bb7 7. d3 h6 8. Bd5
Nxd5 9. exd5 Nb4 10. O-O Nxd5 11. Bd2 d6 12. a3 Be7 13. b4 O-O 14. a4 Nxb4 15.
axb5 axb5 16. Rxa8 Bxa8 17. Nxb5 c6 18. Na7 Qb6 19. Nc8 Rxc8 20. Qb1 Nd5 21.
Qxb6 Nxb6 22. c4 c5 23. Ba5 Nd7 24. d4 cxd4 25. Rd1 Bxf3 26. gxf3 Rxc4 27. Bd2
Bg5 28. Rc1 Rxc1+ 29. Bxc1 Bxc1 30. Kg2 Nf6 31. h3 Nh5 32. h4 Ba3 33. Kh3 d3
34. Kg4 Nf6+ 35. Kg3 d2 36. h5 d1=Q 37. f4 Qg4+ 38. Kh2 Nxh5 39. f3 Qh4+ 40.
Kg2 Nxf4+ 41. Kf1 Qh1+ 42. Kf2 Bc5+ 43. Kg3 Ne2+ 44. Kg4 Qg2+ 45. Kf5 g6+ 46.
Ke4 Nc3+ 47. Kd3 Nd1 48. Kc4 Qxf3 49. Kb5 Qd3+ 50. Kc6 Qf3+ 51. Kd7 Qb7+ 52.
Kd8 d5 53. Ke8 Qe7# 0-1

[Event "Tournoi Francophone 008 Groupe E"]
[Site "Skype"]
[Date "????.??.??"]
[Round "9.5"]
[White "Massez, Konrad"]
[Black "Gagnon, Sindy"]
[Result "1-0"]
[WhiteElo "1000"]
[BlackElo "1000"]
[PlyCount "61"]

1. e4 Nc6 2. d4 d6 3. Nc3 e6 4. Bf4 Be7 5. d5 exd5 6. exd5 Nb4 7. a3 Na6 8.
Bb5+ Bd7 9. Bxa6 bxa6 10. Qf3 h6 11. Nge2 Nf6 12. O-O c6 13. Qg3 Rg8 14. Bxh6
Nh5 15. Qf3 gxh6 16. Qxh5 cxd5 17. Qxh6 Bc6 18. Rad1 d4 19. g3 dxc3 20. Nxc3 d5
21. Rfe1 d4 22. Ne4 Qd5 23. Rd3 Rb8 24. Nf6+ Kd8 25. Nxd5 Bxd5 26. Rxd4 Rg6 27.
Qh8+ Bf8 28. Qxf8+ Kc7 29. Qe7+ Kc8 30. Rxd5 Rg8 31. Qd7# 1-0